| 000 | 00444nam a22001697a 4500 | ||
|---|---|---|---|
| 003 | OSt | ||
| 008 | 241104b |||||||| |||| 00| 0 eng d | ||
| 082 |
_a633.6106 _bS92A |
||
| 100 | _aSugarcane Breeding Institute | ||
| 245 | _aAnnual Report, 2007 - 08 | ||
| 260 |
_a.- Coimbatore _b: Sugarcane Breeding Institute _c, 2008 |
||
| 300 | _aiii,103p. | ||
| 650 | _aAnnual Report | ||
| 650 | _aSugarcane | ||
| 650 | _aCoimbatore | ||
| 942 |
_2ddc _cRP |
||
| 999 |
_c46910 _d46910 |
||